000 01187cam a22003497a 4500
003 CHAP
005 20220329135309.0
008 971013s1981 r 00010 d
010 _a33981
011 _a34953
035 _a39069
040 _cCHAP
090 _aTesis
100 0 0 _aOchoa Meillón, Francisco Javier.
_982680
245 0 _aCría de becerros Holstein en pastoreo + suplementación comparado con el sistema de estabulación
260 _aMarín, N.L. :
_bEl autor,
_c1981
300 _a46 h.
502 _aTesis (Ing. Agr. Zootecnista) -- Universidad Autónoma de Nuevo León. Facultad de Agronomía
590 _aALEPH
_b10
_c20130110
_lUCH01
_h1259
590 _aBATCH-UPD
_b10
_c20130110
_lUCH01
_h1726
590 _aBATCH-UPD
_b10
_c20130410
_lUCH01
_h1108
590 _aBATCH-UPD
_b10
_c20130914
_lUCH01
_h1322
590 _aCONVERSION
_b10
_c20130109
_lUCH01
_h1319
650 4 _aGanado vacuno
_xCría de.
_945451
650 1 4 _aEstablos.
_938184
650 1 4 _aGanado Holstein.
_945133
650 1 4 _aGanado vacuno
_xAlimentación.
_945429
650 1 4 _aGanado vacuno
_xPastoreo.
_945502
901 _aBK
942 _cTESIS
949 _bBC
_cTES
_d-89270
_eTS1
_i39069
_si
999 _c33981
_d33981